| 000 | 00915nas a2200289 i 4500 | ||
|---|---|---|---|
| 001 | 822 | ||
| 003 | ES-MaACL | ||
| 005 | 20250721062531.0 | ||
| 007 | t| | ||
| 008 | 950801d18931903sp | | 1 ||pa d | ||
| 022 | _a0211-7711 | ||
| 080 | _a33 | ||
| 245 | 0 | 3 |
_aLa Estafeta _b: revista universal : banca, bolsa, industria, comercio, hacienda / _cfund. Rogelio Madariaga y Castro. |
| 260 |
_aMadrid : _b[La Estafeta], _c1893-1903. |
||
| 300 |
_a7 v. ; _c38 cm. |
||
| 310 | _aSemanal | ||
| 362 | 0 | _aAño I (1893)-1903. | |
| 500 | _aDesde el n. 283 (1898), se publica en París y en francés. | ||
| 650 | 1 | 7 |
_aEconomía _2embne _912006 |
| 655 | 7 |
_2tgfbne _9226866 _aRevistas |
|
| 700 | 1 |
_aMadariaga y Castro, Rogelio. _975298 |
|
| 785 | 0 | 0 |
_aEspaña económica y financiera _d1903-1950 |
| 852 |
_aES-MaACL _jHEM-57 _9845 _cHEM |
||
| 866 | 0 | _o1894-1903 | |
| 942 | _2udc | ||
| 999 |
_c822 _d822 |
||